[Event "Sunnyvale 1000 GM Thanksgiving IM2"]
[Site "Sunnyvale"]
[Date "2023.11.26"]
[Round "9"]
[White "Yim, Sung Ho"]
[Black "Zhou, Ruoyu"]
[Result "1/2-1/2"]
[WhiteElo "2265"]
[BlackElo "1990"]
[PlyCount "58"]
[EventDate "2023.11.22"]
[EventType "schev"]
[EventRounds "9"]
[EventCountry "USA"]
[SourceTitle "CB48_2023"]
[SourceDate "2023.11.29"]
[SourceVersion "1"]
[SourceVersionDate "2023.11.29"]
[SourceQuality "1"]

1. d4 d5 2. c4 e6 3. Nf3 Be7 4. g3 Nf6 5. Bg2 0-0 6. 0-0 dxc4 7. Qc2 a6 8. a4 Bd7 9. Rd1 Bc6 10. Nc3 Bb4 11. Bg5 Bxc3 12. Bxf6 Qxf6 13. bxc3 Qg6 14. Qa2 Nd7 15. Nh4 Qh5 16. Bxc6 bxc6 17. Qxc4 Qd5 18. Qd3 c5 19. e4 Qh5 20. Qf3 Qxf3 21. Nxf3 Rab8 22. Rab1 h6 23. Kf1 Nf6 24. Nd2 cxd4 25. cxd4 Rfd8 26. e5 Nd5 27. Ne4 Rxb1 28. Rxb1 Nb6 29. a5 Nc4 1/2-1/2

[Event "Sunnyvale 1000 GM Thanksgiving IM2"]
[Site "Sunnyvale"]
[Date "2023.11.24"]
[Round "4"]
[White "Yim, Sung Ho"]
[Black "Qin, Vincent1"]
[Result "1/2-1/2"]
[WhiteElo "2265"]
[BlackElo "1875"]
[PlyCount "158"]
[EventDate "2023.11.22"]
[EventType "schev"]
[EventRounds "9"]
[EventCountry "USA"]
[SourceTitle "CB48_2023"]
[SourceDate "2023.11.29"]
[SourceVersion "1"]
[SourceVersionDate "2023.11.29"]
[SourceQuality "1"]

1. Nf3 Nf6 2. c4 c5 3. Nc3 Nc6 4. g3 e5 5. Bg2 g6 6. a3 a5 7. 0-0 Bg7 8. d3 0-0 9. Bg5 h6 10. Bxf6 Bxf6 11. Ne1 d6 12. Nc2 Rb8 13. Rb1 Bd7 14. b4 axb4 15. axb4 cxb4 16. Nxb4 Nxb4 17. Rxb4 Bc6 18. Qb3 Bg7 19. Ra1 Ra8 20. Rb1 Ra6 21. Rb6 Rxb6 22. Qxb6 Qxb6 23. Rxb6 Rc8 24. Bd5 Bf6 25. Rb3 Kf8 26. Kf1 Bd8 27. Ra3 Bb6 28. e3 Bc5 29. Rb3 Ke7 30. g4 Rc7 31. Ke2 f5 32. gxf5 gxf5 33. Rb1 Kf6 34. Bf3 Rg7 35. Ra1 Rg8 36. Bd5 Rb8 37. Bf3 Rg8 38. Bxc6 bxc6 39. Ra6 Rc8 40. Na4 Bb4 41. d4 Ke6 42. Kd3 e4+ 43. Ke2 f4 44. exf4 Kf5 45. Ke3 Ba3 46. Ra5+ c5 47. dxc5 dxc5 48. Nb6 Bc1+ 49. Ke2 Rd8 50. Nd5 Bxf4 51. Nxf4 Kxf4 52. Rxc5 Ra8 53. Rd5 Ra3 54. c5 Rc3 55. Kd2 Rc4 56. Rh5 Kf3 57. Rf5+ Kg4 58. Rf6 Rxc5 59. Rxh6 Rf5 60. Ke2 Kf4 61. Rh4+ Ke5 62. Rh3 Rf8 63. Rg3 Rh8 64. h3 Kf5 65. Kf1 Kf4 66. Kg2 Re8 67. Rg4+ Kf5 68. Rg3 Kf4 69. h4 Rh8 70. Kh3 Rh5 71. Rg8 Rf5 72. Rg3 Rh5 73. Ra3 Rd5 74. Ra8 Rf5 75. Kg2 Rh5 76. Rf8+ Kg4 77. Rg8+ Kf4 78. Kh3 Rf5 79. Rg3 Rh5 1/2-1/2

[Event "Sunnyvale 1000 GM Thanksgiving IM2"]
[Site "Sunnyvale"]
[Date "2023.11.23"]
[Round "3"]
[White "Yao, Hanchi"]
[Black "Yim, Sung Ho"]
[Result "0-1"]
[WhiteElo "1857"]
[BlackElo "2265"]
[PlyCount "74"]
[EventDate "2023.11.22"]
[EventType "schev"]
[EventRounds "9"]
[EventCountry "USA"]
[SourceTitle "CB48_2023"]
[SourceDate "2023.11.29"]
[SourceVersion "1"]
[SourceVersionDate "2023.11.29"]
[SourceQuality "1"]

1. d4 Nf6 2. c4 e6 3. Nc3 Bb4 4. Qc2 0-0 5. Bg5 c5 6. dxc5 Na6 7. a3 Bxc3+ 8. Qxc3 Nxc5 9. Bxf6 Qxf6 10. Qxf6 gxf6 11. b4 Na4 12. g3 b6 13. Bg2 Rb8 14. 0-0-0 Ba6 15. Rxd7 Bxc4 16. Rxa7 Rbc8 17. Kd2 Rfd8+ 18. Ke3 Bb5 19. f4 Nc3 20. Nf3 Nd1+ 21. Rxd1 Rxd1 22. Kf2 Rd7 23. Rxd7 Bxd7 24. Nd2 f5 25. e4 Rc3 26. exf5 exf5 27. Nf3 Rxa3 28. Ne5 Be6 29. Bc6 Ra2+ 30. Kg1 Rd2 31. b5 Kf8 32. Nf3 Rb2 33. Ng5 h6 34. Nf3 Ke7 35. Ne5 Kd6 36. h3 f6 37. Ng6 Bd7 0-1

[Event "Sunnyvale Silicon Valley Fall op"]
[Site "Sunnyvale"]
[Date "2023.09.03"]
[Round "6"]
[White "Yim, Sung Ho"]
[Black "Atanasov, Anthony"]
[Result "0-1"]
[WhiteElo "2272"]
[BlackElo "2387"]
[PlyCount "94"]
[EventDate "2023.08.31"]
[EventType "swiss"]
[EventRounds "9"]
[EventCountry "USA"]
[SourceTitle "EXT 2024"]
[Source "ChessBase"]
[SourceDate "2023.10.10"]
[SourceVersion "1"]
[SourceVersionDate "2023.10.10"]
[SourceQuality "1"]

1. d4 Nf6 2. c4 g6 3. Nc3 d5 4. cxd5 Nxd5 5. e4 Nxc3 6. bxc3 Bg7 7. Bc4 c5 8. Ne2 Nc6 9. Be3 0-0 10. 0-0 e6 11. Rc1 b6 12. Qd2 Bb7 13. Bb5 a6 14. Ba4 Na5 15. dxc5 b5 16. Qxd8 Rfxd8 17. Bc2 Nc4 18. Bg5 f6 19. Bh4 g5 20. Bg3 e5 21. f3 Rd2 22. Rfe1 g4 23. Bb3 Bc6 24. Bf2 gxf3 25. gxf3 Rd3 26. Kg2 Bh6 27. Rcd1 Bd2 28. Rg1 Rad8 29. Ng3 Bxc3 30. Rxd3 Rxd3 31. Nf1 Rd8 32. Ng3 Rd3 33. Nf5 Kf8 34. Bxc4 bxc4 35. Rb1 Bd4 36. Rb8+ Kf7 37. Nd6+ Ke7 38. Nxc4 Rc3 39. Na5 Rxc5 40. Nxc6+ Rxc6 41. Rb7+ Ke6 42. Bxd4 exd4 43. Kf1 Rc2 44. Rb6+ Ke5 45. Rxa6 d3 46. Ke1 Kd4 47. Kd1 Ke5 0-1

[Event "Milpitas 1000 GM IM April"]
[Site "Milpitas"]
[Date "2023.04.02"]
[Round "5.8"]
[White "Yim, Sung Ho"]
[Black "Deng, Henry"]
[Result "1-0"]
[WhiteElo "2304"]
[BlackElo "2162"]
[PlyCount "93"]
[EventDate "2023.03.31"]
[EventType "schev"]
[EventRounds "10"]
[EventCountry "USA"]
[SourceTitle "CBM 213 Extra"]
[Source "ChessBase"]
[SourceDate "2023.05.31"]
[SourceVersion "1"]
[SourceVersionDate "2023.05.31"]
[SourceQuality "1"]

1. d4 d5 2. c4 c6 3. Nf3 Nf6 4. e3 Bf5 5. Nc3 e6 6. Nh4 Bg6 7. Be2 Bd6 8. g3 Nbd7 9. 0-0 Qc7 10. Bd2 0-0 11. Nxg6 hxg6 12. Rc1 dxc4 13. Bxc4 e5 14. dxe5 Nxe5 15. Be2 Qe7 16. Qc2 Rfe8 17. Kg2 Qe6 18. Rce1 Nc4 19. Bc1 b5 20. Bd1 Nb6 21. Qb1 b4 22. Bb3 Qe7 23. Na4 Nxa4 24. Bxa4 Rec8 25. e4 c5 26. f4 Qb7 27. Bd1 c4 28. Bf3 Be7 29. e5 Nd5 30. Rd1 Rc5 31. Rxd5 Rxd5 32. Qe4 Rad8 33. Rd1 Rxd1 34. Qxb7 Rxc1 35. Qxe7 Rc2+ 36. Kh3 Rcd2 37. e6 fxe6 38. Bg4 Kh7 39. Qh4+ Kg8 40. Bxe6+ Kf8 41. Bxc4 R8d6 42. Qh8+ Ke7 43. Qxg7+ Kd8 44. Qxa7 Rxb2 45. Qb8+ Kd7 46. Bb5+ Ke6 47. Qe8+ 1-0

[Event "Milpitas 1000 GM IM April"]
[Site "Milpitas"]
[Date "2023.04.01"]
[Round "3.8"]
[White "Yu, Jiangwei"]
[Black "Yim, Sung Ho"]
[Result "1-0"]
[WhiteElo "2167"]
[BlackElo "2304"]
[PlyCount "93"]
[EventDate "2023.03.31"]
[EventType "schev"]
[EventRounds "10"]
[EventCountry "USA"]
[SourceTitle "CBM 213 Extra"]
[Source "ChessBase"]
[SourceDate "2023.05.31"]
[SourceVersion "1"]
[SourceVersionDate "2023.05.31"]
[SourceQuality "1"]

1. d4 d5 2. c4 e6 3. Nc3 Nf6 4. cxd5 exd5 5. Bg5 c6 6. e3 Bd6 7. Bd3 0-0 8. Nge2 Re8 9. Qc2 h6 10. Bh4 a5 11. h3 Na6 12. a3 Nc7 13. 0-0 Ne6 14. Rad1 Bd7 15. f3 Ng5 16. f4 Ne6 17. Kh1 Be7 18. e4 dxe4 19. Nxe4 Nxe4 20. Bxe7 Nxd4 21. Bxd8 Nxc2 22. Bxe4 Raxd8 23. Bxc2 Rxe2 24. Bf5 Re7 25. h4 h5 26. Rd6 Bxf5 27. Rxd8+ Kh7 28. Kg1 a4 29. Kf2 Re4 30. g3 Rc4 31. Rfd1 b5 32. R8d4 Rc2+ 33. R1d2 Rc1 34. Re2 g6 35. Rdd2 Kg7 36. Re1 Rc4 37. Kf3 Be6 38. Kf2 Kf6 39. Re3 Bd5 40. Rc3 Re4 41. Rc5 Re7 42. Re2 Rd7 43. Ke3 Rd6 44. Rd2 Re6+ 45. Kf2 Rd6 46. Rc3 Rd8 47. Rxc6+ 1-0

[Event "Los Angeles 1000GM GM 02"]
[Site "Los Angeles"]
[Date "2023.02.24"]
[Round "5.2"]
[White "Stearman, Josiah P"]
[Black "Yim, Sung Ho"]
[Result "1-0"]
[WhiteElo "2366"]
[BlackElo "2328"]
[PlyCount "53"]
[EventDate "2023.02.22"]
[EventType "team-schev"]
[EventRounds "9"]
[EventCountry "USA"]
[SourceTitle "CBM 213 Extra"]
[Source "ChessBase"]
[SourceDate "2023.05.31"]
[SourceVersion "1"]
[SourceVersionDate "2023.05.31"]
[SourceQuality "1"]
[WhiteTeam "Group D"]
[BlackTeam "Group B"]
[WhiteTeamCountry "USA"]
[BlackTeamCountry "USA"]

1. e4 e5 2. Nf3 Nc6 3. Bb5 a6 4. Ba4 Nf6 5. 0-0 Bc5 6. c3 b5 7. d4 bxa4 8. dxc5 Nxe4 9. Nxe5 0-0 10. Nd3 d5 11. Qxa4 Bd7 12. Qd1 Ne7 13. Na3 Ng6 14. f3 Nf6 15. Nc2 Re8 16. Nd4 Ne5 17. Nxe5 Rxe5 18. c6 Bc8 19. Bf4 Re7 20. Qd2 Be6 21. Rae1 h6 22. Re2 Re8 23. Rfe1 Qc8 24. Bxh6 gxh6 25. Qxh6 Nh7 26. f4 Qd8 27. f5 1-0

[Event "Chesterfield SPICE Cup op"]
[Site "Chesterfield"]
[Date "2022.12.22"]
[Round "8"]
[White "Yim, Sung Ho"]
[Black "Yip, Carissa"]
[Result "1-0"]
[WhiteElo "2243"]
[BlackElo "2385"]
[PlyCount "49"]
[EventDate "2022.12.18"]
[EventType "swiss"]
[EventRounds "9"]
[EventCountry "USA"]
[SourceTitle "CBM 212 Extra"]
[Source "ChessBase"]
[SourceDate "2023.03.31"]
[SourceVersion "1"]
[SourceVersionDate "2023.03.31"]
[SourceQuality "1"]

1. d4 g6 2. c4 Bg7 3. e4 e6 4. Nc3 Ne7 5. Nf3 d5 6. Bd3 dxe4 7. Bxe4 0-0 8. 0-0 f5 9. Bc2 Nbc6 10. d5 exd5 11. cxd5 Na5 12. Bg5 Re8 13. Qc1 Nc4 14. Re1 Nd6 15. Bb3 Qd7 16. Qf4 a5 17. Ne5 Bxe5 18. Rxe5 a4 19. Bxa4 b5 20. Bb3 Nf7 21. Re3 Bb7 22. Rae1 Nxd5 23. Nxd5 Bxd5 24. Bxd5 Rxe3 25. Bxf7+ 1-0

[Event "Chesterfield SPICE Cup op"]
[Site "Chesterfield"]
[Date "2022.12.20"]
[Round "5"]
[White "Fishbein, Mitch"]
[Black "Yim, Sung Ho"]
[Result "1/2-1/2"]
[WhiteElo "2032"]
[BlackElo "2243"]
[PlyCount "50"]
[EventDate "2022.12.18"]
[EventType "swiss"]
[EventRounds "9"]
[EventCountry "USA"]
[SourceTitle "CBM 212 Extra"]
[Source "ChessBase"]
[SourceDate "2023.03.31"]
[SourceVersion "1"]
[SourceVersionDate "2023.03.31"]
[SourceQuality "1"]

1. e4 e5 2. Nf3 Nc6 3. Bb5 a6 4. Ba4 Nf6 5. 0-0 Be7 6. d3 d6 7. c3 0-0 8. Re1 h6 9. h3 Re8 10. Nbd2 Bf8 11. Nf1 b5 12. Bc2 d5 13. a4 Bb7 14. Ne3 Qd7 15. Nh2 dxe4 16. dxe4 Qxd1 17. Rxd1 Na7 18. f3 Nc8 19. Nhg4 Nxg4 20. hxg4 Nd6 21. Nd5 Rac8 22. axb5 axb5 23. Kf1 Bxd5 24. Rxd5 c6 25. Rd1 Ra8 1/2-1/2

[Event "Chesterfield SPICE Cup op"]
[Site "Chesterfield"]
[Date "2022.12.19"]
[Round "2"]
[White "Yim, Sung Ho"]
[Black "Preotu, Razvan"]
[Result "0-1"]
[WhiteElo "2243"]
[BlackElo "2493"]
[PlyCount "186"]
[EventDate "2022.12.18"]
[EventType "swiss"]
[EventRounds "9"]
[EventCountry "USA"]
[SourceTitle "CBM 212 Extra"]
[Source "ChessBase"]
[SourceDate "2023.03.31"]
[SourceVersion "1"]
[SourceVersionDate "2023.03.31"]
[SourceQuality "1"]

1. d4 Nf6 2. c4 g6 3. Nc3 d5 4. Nf3 Bg7 5. Qb3 dxc4 6. Qxc4 0-0 7. e4 a6 8. Be2 b5 9. Qb3 c5 10. dxc5 Be6 11. Qc2 Nbd7 12. Be3 Rc8 13. Rd1 b4 14. Nd5 Bxd5 15. exd5 Nxc5 16. 0-0 Nce4 17. Qd3 Qd6 18. g3 Rfd8 19. Bf4 Qc5 20. Qxa6 Nxd5 21. Rc1 Bc3 22. bxc3 Nxf4 23. gxf4 Nxc3 24. Ne5 Rd6 25. Qc4 Rd5 26. Rfe1 Rxe5 27. fxe5 Qxc4 28. Bxc4 Rxc4 29. Rc2 e6 30. f3 Rd4 31. a3 Nd5 32. axb4 Rxb4 33. Re4 Rb3 34. Kf2 Kg7 35. Rd2 h6 36. Red4 Rb5 37. Re4 g5 38. h4 Kg6 39. hxg5 hxg5 40. Ra4 Nf4 41. Re4 Kg7 42. Rxf4 gxf4 43. Rd4 Rxe5 44. Rxf4 Ra5 45. Rb4 Kf6 46. Rf4+ Ke7 47. Rb4 Kd6 48. Rd4+ Ke5 49. Re4+ Kf5 50. Kg3 e5 51. Rb4 Ra3 52. Rc4 f6 53. Rb4 Kg6 54. Re4 Kf7 55. Kf2 Ke6 56. Re2 f5 57. Rd2 Kf6 58. Re2 Rd3 59. Kg2 Ke6 60. Kf2 f4 61. Ra2 Rc3 62. Rd2 Rc7 63. Kg2 Rd7 64. Ra2 Kd5 65. Rd2+ Kc6 66. Rc2+ Kd5 67. Rd2+ Ke6 68. Ra2 Kf5 69. Re2 Rd3 70. Kf2 Ra3 71. Kg2 Ra5 72. Kf2 Kg5 73. Kg2 Kh4 74. Kf2 Kh3 75. Rc2 Kh2 76. Re2 Ra7 77. Rxe5 Ra2+ 78. Kf1 Kg3 79. Rb5 Ra3 80. Rb2 Ra1+ 81. Ke2 Kg2 82. Rc2 Rf1 83. Rc5 Rxf3 84. Rf5 Re3+ 85. Kd2 Kg3 86. Rf7 Re8 87. Rf6 f3 88. Rf7 f2 89. Rg7+ Kf3 90. Rf7+ Kg2 91. Rg7+ Kf1 92. Rf7 Rd8+ 93. Ke3 Ke1 0-1

[Event "Chesterfield SPICE Cup op"]
[Site "Chesterfield"]
[Date "2022.12.18"]
[Round "1"]
[White "Steingrimsson, Hedinn"]
[Black "Yim, Sung Ho"]
[Result "1-0"]
[WhiteElo "2504"]
[BlackElo "2243"]
[PlyCount "211"]
[EventDate "2022.12.18"]
[EventType "swiss"]
[EventRounds "9"]
[EventCountry "USA"]
[SourceTitle "CBM 212 Extra"]
[Source "ChessBase"]
[SourceDate "2023.03.31"]
[SourceVersion "1"]
[SourceVersionDate "2023.03.31"]
[SourceQuality "1"]

1. c4 e6 2. Nc3 d5 3. d4 Nf6 4. cxd5 exd5 5. Bg5 c6 6. e3 Be7 7. Bd3 Nbd7 8. h3 0-0 9. Qc2 Re8 10. Nf3 Nf8 11. 0-0 g6 12. Rab1 a5 13. a3 Ne6 14. Bh4 Ng7 15. b4 axb4 16. axb4 Bf5 17. Bxf5 Nxf5 18. Bxf6 Bxf6 19. b5 Nd6 20. Nd2 Qa5 21. bxc6 bxc6 22. Ne2 Rec8 23. Nf4 Qd8 24. Rfc1 Nb5 25. Qd1 Be7 26. Nd3 Ba3 27. Rc2 Bd6 28. Rbc1 Qe8 29. h4 Rc7 30. h5 Rac8 31. Qg4 Na3 32. Ra2 Nb5 33. Nb3 Ba3 34. Rcc2 Bf8 35. Nd2 Nd6 36. Qh3 Nf5 37. Qf3 Qd8 38. g3 Qg5 39. hxg6 hxg6 40. Qf4 Qd8 41. Nf3 Bd6 42. Qg5 Be7 43. Qg4 Qe8 44. Nc5 Bf6 45. Rcb2 Nd6 46. Nd2 Be7 47. Rc2 Nf5 48. Nf3 Bf6 49. Ra3 Nd6 50. Qf4 Qe7 51. Rca2 Nc4 52. Ra8 Kg7 53. g4 Qd6 54. Qxd6 Nxd6 55. Rxc8 Nxc8 56. Ra6 Be7 57. Nb3 Bd6 58. g5 Ne7 59. Na5 Kf8 60. Ra8+ Nc8 61. Nb7 Ke7 62. Nxd6 Nxd6 63. Ne5 c5 64. dxc5 Rxc5 65. Ra7+ Ke6 66. Nd3 Rb5 67. Ra6 Ke7 68. Ne5 Rc5 69. Kg2 Nc8 70. Kg3 Nd6 71. Kf4 Rb5 72. Nc6+ Kd7 73. Nd4 Rb2 74. Ra7+ Ke8 75. Ke5 Nc8 76. Ra8 Kd7 77. f3 Rb7 78. Ra6 Ke7 79. Kxd5 Rb1 80. Nc6+ Kd7 81. Nd4 Rg1 82. f4 Re1 83. e4 Rf1 84. Ke5 Rf2 85. Ra8 Rf1 86. Rb8 Nd6 87. Rb4 Re1 88. Nb3 Ke7 89. Ra4 Nc8 90. Rc4 Nb6 91. Rb4 Nd7+ 92. Kd5 f6 93. gxf6+ Nxf6+ 94. Ke5 Nd7+ 95. Kd4 Rd1+ 96. Ke3 Rg1 97. Nd2 Ra1 98. Rb3 Nc5 99. Rc3 Ne6 100. Nf3 Rb1 101. Ra3 Rc1 102. Ra7+ Kd6 103. e5+ Kd5 104. Rd7+ Kc5 105. Ng5 Re1+ 106. Kf2 1-0

[Event "Bay Area IM"]
[Site "San Jose"]
[Date "2022.12.10"]
[Round "6"]
[White "Yim, Sung Ho"]
[Black "Tang, Zoey"]
[Result "1/2-1/2"]
[WhiteElo "2243"]
[BlackElo "2201"]
[PlyCount "76"]
[EventDate "2022.12.07"]
[EventType "tourn"]
[EventRounds "9"]
[EventCountry "USA"]
[EventCategory "1"]
[SourceTitle "CBM 211 Extra"]
[Source "ChessBase"]
[SourceDate "2023.01.31"]
[SourceVersion "1"]
[SourceVersionDate "2023.01.31"]
[SourceQuality "1"]

1. d4 d5 2. c4 c6 3. Nf3 Nf6 4. e3 Bf5 5. Nc3 e6 6. Nh4 Be4 7. f3 Bg6 8. Qb3 Qc7 9. Bd2 Be7 10. cxd5 cxd5 11. Nxg6 hxg6 12. 0-0-0 Nc6 13. Kb1 a6 14. Rc1 Rc8 15. Bd3 Qb8 16. Ne2 b5 17. a4 0-0 18. axb5 axb5 19. Qxb5 Qd6 20. Qa6 Nd7 21. Bb5 Ndb8 22. Qa4 Rc7 23. Bxc6 Nxc6 24. Be1 Rb8 25. Bg3 e5 26. dxe5 Nxe5 27. Rxc7 Qxc7 28. Rc1 Rxb2+ 29. Kxb2 Nd3+ 30. Kb1 Qb6+ 31. Kc2 Qxe3 32. Qa8+ Kh7 33. Kd1 Nb2+ 34. Ke1 Nd3+ 35. Kd1 Nb2+ 36. Ke1 Nd3+ 37. Kd1 Nb2+ 38. Ke1 Nd3+ 1/2-1/2

[Event "Bay Area IM"]
[Site "San Jose"]
[Date "2022.12.08"]
[Round "2"]
[White "Yim, Sung Ho"]
[Black "Ganbold, Odondoo"]
[Result "1/2-1/2"]
[WhiteElo "2243"]
[BlackElo "2318"]
[PlyCount "94"]
[EventDate "2022.12.07"]
[EventType "tourn"]
[EventRounds "9"]
[EventCountry "USA"]
[EventCategory "1"]
[SourceTitle "CBM 211 Extra"]
[Source "ChessBase"]
[SourceDate "2023.01.31"]
[SourceVersion "1"]
[SourceVersionDate "2023.01.31"]
[SourceQuality "1"]

1. d4 g6 2. c4 Bg7 3. Nc3 d6 4. e4 Nc6 5. d5 Nd4 6. Be3 c5 7. Nge2 Qb6 8. Na4 Qa5+ 9. Bd2 Qa6 10. Nxd4 Bxd4 11. Nc3 Qb6 12. Rb1 f5 13. Bd3 fxe4 14. Nxe4 Nf6 15. 0-0 Nxe4 16. Bxe4 0-0 17. Qc2 Bf5 18. Bxf5 Rxf5 19. Bc3 Bxc3 20. Qxc3 Raf8 21. Rbe1 R8f7 22. Re2 a5 23. a3 Rf4 24. Rfe1 Qd8 25. f3 b6 26. Re3 Qd7 27. Qb3 a4 28. Qc2 Kf8 29. Qc3 Kg8 30. g3 Rd4 31. Re4 Rxe4 32. Rxe4 Qf5 33. Kg2 g5 34. h4 h6 35. g4 Qh7 36. h5 Rf6 37. Qe3 Kf8 38. b3 axb3 39. Qxb3 Qf7 40. Re3 Rf4 41. Qb2 Rd4 42. Re4 Qf6 43. Kg3 Kf7 44. Qe2 b5 45. cxb5 Rxd5 46. Qd3 e6 47. Qb3 Rd4 1/2-1/2

[Event "Hollywood Masters op"]
[Site "Los Angeles"]
[Date "2022.10.28"]
[Round "6"]
[White "Yim, Sung Ho"]
[Black "Fus, Jakub"]
[Result "1/2-1/2"]
[WhiteElo "2209"]
[BlackElo "2417"]
[PlyCount "78"]
[EventDate "2022.10.26"]
[EventType "swiss"]
[EventRounds "9"]
[EventCountry "USA"]
[SourceTitle "EXT 2024"]
[Source "ChessBase"]
[SourceDate "2023.10.10"]
[SourceVersion "1"]
[SourceVersionDate "2023.10.10"]
[SourceQuality "1"]

1. d4 Nf6 2. c4 e6 3. Nf3 Bb4+ 4. Nbd2 0-0 5. a3 Be7 6. e4 d6 7. Be2 Nfd7 8. b4 e5 9. d5 a5 10. Bb2 Qe8 11. 0-0 Nb6 12. Qc2 Na6 13. Bc3 f5 14. exf5 Bxf5 15. Bd3 Bxd3 16. Qxd3 Na4 17. Rfe1 Qg6 18. Qxg6 hxg6 19. Rac1 Nxc3 20. Rxc3 axb4 21. axb4 Nxb4 22. Rb3 Nc2 23. Rc1 Nd4 24. Nxd4 exd4 25. Nf3 Bf6 26. Rxb7 Rfc8 27. h4 c6 28. c5 cxd5 29. c6 d3 30. Rb5 Ra1 31. Rxa1 Bxa1 32. Rxd5 Rxc6 33. Rxd3 Bf6 34. g3 Kf7 35. Nd4 Rb6 36. Ne2 Be5 37. Kg2 Ke6 38. Kf3 Rb4 39. Ng1 Rb8 1/2-1/2

[Event "Hollywood Masters op"]
[Site "Los Angeles"]
[Date "2022.10.26"]
[Round "2"]
[White "Yim, Sung Ho"]
[Black "Shabalov, Alexander"]
[Result "0-1"]
[WhiteElo "2209"]
[BlackElo "2504"]
[PlyCount "86"]
[EventDate "2022.10.26"]
[EventType "swiss"]
[EventRounds "9"]
[EventCountry "USA"]
[SourceTitle "EXT 2024"]
[Source "ChessBase"]
[SourceDate "2023.10.10"]
[SourceVersion "1"]
[SourceVersionDate "2023.10.10"]
[SourceQuality "1"]

1. d4 g6 2. e4 Bg7 3. c4 d6 4. Nc3 e5 5. Nf3 Nc6 6. Bg5 f6 7. Be3 Nh6 8. h3 0-0 9. Qd2 Nf7 10. Be2 Ng5 11. d5 Nxf3+ 12. Bxf3 Nd4 13. Ne2 c5 14. dxc6 Nxf3+ 15. gxf3 bxc6 16. Rd1 Be6 17. b3 Qc8 18. Qxd6 Bxh3 19. Rh2 Rf7 20. Qa3 Rd7 21. Rc1 Rd3 22. Rc3 Rd8 23. Rc2 Bf8 24. Qc1 Be6 25. Nc3 Qc7 26. Rh1 Qa5 27. Ke2 Ba3 28. Qa1 Rd7 29. Rd1 Rf7 30. Rg1 Raf8 31. Na4 f5 32. Rg2 Re8 33. Qc3 Bb4 34. Qa1 Qd8 35. Bg5 Qd7 36. Rg3 fxe4 37. fxe4 Bg4+ 38. Kf1 Rf3 39. Kg2 Rxg3+ 40. fxg3 Bf3+ 41. Kh2 Bxe4 42. Rf2 Qg4 43. Qc1 h6 0-1

[Event "Saint Louis 1000 IM 2nd"]
[Site "Saint Louis"]
[Date "2022.09.24"]
[Round "6"]
[White "Denby, Caleb Sean"]
[Black "Yim, Sung Ho"]
[Result "0-1"]
[WhiteElo "2201"]
[BlackElo "2207"]
[PlyCount "60"]
[EventDate "2022.09.21"]
[EventType "tourn"]
[EventRounds "9"]
[EventCountry "USA"]
[EventCategory "2"]
[SourceTitle "CBM 210 Extra"]
[Source "ChessBase"]
[SourceDate "2022.11.30"]
[SourceVersion "1"]
[SourceVersionDate "2022.11.30"]
[SourceQuality "1"]

1. d4 Nf6 2. c4 e6 3. Nc3 Bb4 4. f3 c5 5. d5 b5 6. e4 d6 7. Nge2 bxc4 8. Nf4 e5 9. Nfe2 Nbd7 10. h4 Nb6 11. Bg5 h6 12. Bd2 Ng8 13. g4 h5 14. g5 Ne7 15. f4 Bg4 16. Qc2 exf4 17. Nxf4 Qd7 18. a4 a5 19. Nb5 0-0 20. Bxc4 Ng6 21. Nxg6 fxg6 22. Rf1 Bf3 23. Bxb4 axb4 24. Be2 Qg4 25. Bxf3 Rxf3 26. Rxf3 Qxf3 27. a5 b3 28. Qe2 Qh1+ 29. Qf1 Qxe4+ 30. Kd2 Nc4+ 0-1

[Event "Saint Louis 1000 IM 2nd"]
[Site "Saint Louis"]
[Date "2022.09.22"]
[Round "2"]
[White "Yim, Sung Ho"]
[Black "Eckert, Doug D"]
[Result "1-0"]
[WhiteElo "2207"]
[BlackElo "2165"]
[PlyCount "93"]
[EventDate "2022.09.21"]
[EventType "tourn"]
[EventRounds "9"]
[EventCountry "USA"]
[EventCategory "2"]
[SourceTitle "CBM 210 Extra"]
[Source "ChessBase"]
[SourceDate "2022.11.30"]
[SourceVersion "1"]
[SourceVersionDate "2022.11.30"]
[SourceQuality "1"]

1. Nf3 d5 2. d4 Nf6 3. c4 c6 4. e3 Bg4 5. h3 Bh5 6. g4 Bg6 7. Ne5 Bxb1 8. Rxb1 e6 9. a3 Nbd7 10. Nxd7 Nxd7 11. h4 Be7 12. h5 h6 13. Bd3 Qc7 14. Qe2 Nf6 15. Bd2 Ne4 16. Bxe4 dxe4 17. Bc3 0-0-0 18. Rd1 f5 19. Kd2 Bf6 20. Kc2 c5 21. b3 cxd4 22. exd4 Kb8 23. f3 exf3 24. Qxf3 fxg4 25. Qxg4 Rhe8 26. Rhe1 e5 27. dxe5 Rxd1 28. Qxd1 Be7 29. a4 Rd8 30. Qg4 Bg5 31. e6 Qe7 32. Re2 a6 33. Qf5 Ka8 34. c5 Rc8 35. Bd4 Bf6 36. Bf2 Qc7 37. b4 Qc6 38. Kb3 Qh1 39. Re1 Qh2 40. b5 a5 41. Re2 Qc7 42. Rd2 Rd8 43. Rd7 Rxd7 44. exd7 Qd8 45. Qe6 Qc7 46. Qe8+ Bd8 47. Bh4 1-0

[Event "Hollywood Classic  1st"]
[Site "Los Angeles"]
[Date "2022.07.23"]
[Round "6"]
[White "Grabinsky, Aaron"]
[Black "Yim, Sung Ho"]
[Result "1-0"]
[WhiteElo "2399"]
[BlackElo "2207"]
[PlyCount "159"]
[EventDate "2022.07.20"]
[EventType "tourn"]
[EventRounds "9"]
[EventCountry "USA"]
[EventCategory "2"]
[SourceTitle "CBM 209 Extra"]
[Source "ChessBase"]
[SourceDate "2022.09.30"]
[SourceVersion "1"]
[SourceVersionDate "2022.09.30"]
[SourceQuality "1"]

1. d4 d5 2. Bf4 e6 3. e3 c5 4. c3 Nf6 5. Nf3 Bd6 6. Ne5 0-0 7. Nd2 Qc7 8. Bd3 b6 9. h4 Ba6 10. Bxa6 Nxa6 11. h5 Nd7 12. h6 g6 13. Nxd7 Qxd7 14. Qf3 Be7 15. 0-0 Nb8 16. e4 Nc6 17. dxc5 bxc5 18. Rad1 Rad8 19. Nc4 d4 20. Qg4 f6 21. e5 f5 22. Qg3 Qc7 23. cxd4 cxd4 24. Rc1 Rd5 25. Rfd1 Qd7 26. Qd3 Nd8 27. Nd2 Nf7 28. Nf3 Rd8 29. Qd2 a5 30. Rc4 d3 31. Qe3 Qb5 32. b3 Bc5 33. Qd2 Qb6 34. Rdc1 Ba3 35. Rd1 Bc5 36. Kf1 Bb4 37. Qc1 Bc5 38. Qb2 Qa6 39. Kg1 Qb6 40. a3 d2 41. Rxd2 Rxd2 42. Bxd2 Bxf2+ 43. Kh2 Be3 44. Bxe3 Qxe3 45. Qc3 Qxh6+ 46. Rh4 Qf8 47. Qxa5 g5 48. Rd4 Ra8 49. Qd2 g4 50. Nh4 Qe7 51. g3 Rxa3 52. Rd7 Qg5 53. Qb2 Ra5 54. b4 Rb5 55. Qc3 f4 56. Qc8+ Kg7 57. Rxf7+ Kxf7 58. Qd7+ Kf8 59. Qxb5 f3 60. Qc5+ Kf7 61. Qc3 Qd8 62. Nxf3 gxf3 63. Qxf3+ Kg8 64. Qg4+ Kf7 65. Qf4+ Kg8 66. b5 Qb6 67. Qc4 Kf7 68. Kg2 Ke7 69. Qd3 Qb7+ 70. Kh3 Ke8 71. Qc4 Ke7 72. Qc6 Qxc6 73. bxc6 Kd8 74. Kg4 Kc7 75. Kg5 Kxc6 76. Kf6 Kd5 77. g4 h6 78. Kg6 Kxe5 79. Kxh6 Kf6 80. g5+ 1-0

[Event "Hollywood Classic  1st"]
[Site "Los Angeles"]
[Date "2022.07.22"]
[Round "4"]
[White "Bitoon, Richard"]
[Black "Yim, Sung Ho"]
[Result "1-0"]
[WhiteElo "2433"]
[BlackElo "2207"]
[PlyCount "59"]
[EventDate "2022.07.20"]
[EventType "tourn"]
[EventRounds "9"]
[EventCountry "USA"]
[EventCategory "2"]
[SourceTitle "CBM 209 Extra"]
[Source "ChessBase"]
[SourceDate "2022.09.30"]
[SourceVersion "1"]
[SourceVersionDate "2022.09.30"]
[SourceQuality "1"]

1. e4 e5 2. Nf3 Nc6 3. Bc4 Bc5 4. c3 Nf6 5. d3 a6 6. 0-0 d6 7. Nbd2 0-0 8. Bb3 Ba7 9. Re1 Ng4 10. Re2 Kh8 11. h3 f5 12. exf5 Nh6 13. g4 Nxf5 14. gxf5 Bxf5 15. Ne4 d5 16. Neg5 Qd6 17. d4 e4 18. Nh4 h6 19. Nxf5 Rxf5 20. Nxe4 dxe4 21. Rxe4 Raf8 22. Re6 Qd8 23. Be3 R5f6 24. Qg4 Ne7 25. Kh1 Nf5 26. Rg1 c6 27. Re5 Qd7 28. Bf4 Bb8 29. Rxf5 Rxf5 30. Bxb8 1-0